000 00509nam a2200217Ia 4500
003 0100
008 130303s9999 xx 000 0 und d
020 _a0534005926
040 _cARRUPELIB
050 _aBJ71.T3 1978
100 _aTaylor, Paul W
245 _aProblems of moral philosophy
245 _ban introduction to ethics
260 _aBelmont
260 _bWadsworth Publishing Company
260 _C1978
300 _axii
300 _b 691p. 24cm.
650 _aETHICS
942 0 0 _011
999 _c12902
_d12902